[Event "BRA-ch 82nd"]
[Site "Rio de Janeiro"]
[Date "2016.01.14"]
[Round "8"]
[White "Mekhitarian, Krikor Sevag"]
[Black "Choma, Ernani Francisco"]
[Result "1-0"]
[WhiteElo "2555"]
[BlackElo "2383"]
[Annotator "Mekhitarian,K"]
[PlyCount "71"]
[EventDate "2016.01.09"]
[EventType "tourn"]
[EventRounds "9"]
[EventCountry "BRA"]
[SourceTitle "CBM 171"]
[Source "ChessBase"]
[SourceDate "2016.03.14"]
[SourceVersion "2"]
[SourceVersionDate "2016.03.14"]
[SourceQuality "1"]

{7 rounds into the Brazilian Championship, I was leading with 6/7, but had the
IM Evandro Barbosa half a point behind me with 5,5/7, meaning I could take no
rest and had to play every one of the remaning 4 games for the win. In this
round, I was facing an old friend from the Brazilian Junior tournaments back
in the 2000s, and I knew it would be a tough challenge, because he was playing
very well.} 1. e4 c5 2. Nf3 Nc6 3. Nc3 e6 4. d4 cxd4 5. Nxd4 Nf6 6. Nxc6 $5 {
Instead of allowing Black to play the Sveshnikov Variation, I tried this move
for the 1st time in my life. After some home analysis, I thought it's an
interesting move and Black has to be careful in some variations.} (6. Ndb5 d6
7. Bf4 e5 8. Bg5 {transposes to the Sveshnikov.}) 6... bxc6 7. e5 Nd5 8. Ne4 {
Black has a lot of options here} Qc7 (8... Bb7 $5) (8... Qa5+ $5 9. c3 f5) (
8... f5 $5 9. exf6 Nxf6 10. Nd6+ Bxd6 11. Qxd6 Ba6) 9. f4 Qb6 10. c4 {Black
loses some tempi in order to force White to weaken his pawn structure.} Bb4+
11. Ke2 (11. Bd2 $2 {blunders a pawn right away} Qe3+ $1 12. Qe2 Bxd2+ 13. Nxd2
Qxe2+ 14. Bxe2 Nxf4 $17) 11... f5 (11... Ba6 $6 {is considered to be bad after
the computer era} 12. Kf3 f5 13. exf6 Nxf6 14. c5 $1 Bxc5 (14... Qa5 15. Nd6+
Ke7 16. Bxa6 Qxa6 (16... Bxc5 $2 17. Nb7 $1 $18) (16... Qxc5 $2 17. Nb7 $1 $18)
17. Be3 Rhf8 (17... Nd5 18. Qd4 $1 $16 {with a superb attack}) 18. Qd4 Ba5 19.
f5 $1 $16 {with a simple idea of bringing forces against the black king with
Bf4-Rhd1}) 15. Nxc5 Bxf1 16. Na4 $1 Bxg2+ 17. Kxg2 $16) 12. exf6 Nxf6 13. Be3
Qa5 (13... Qd8 {was played in some recent top-level games, for example:} 14.
Nd6+ Bxd6 15. Qxd6 Bb7 16. Rd1 {White gets full control of the dark squares
for now, but faces a problem with the K on e1. Also, it would be better to
have the P on f3, diminishing the power of the b7-B. In any case, White was
able to achieve a very good position in a few moves} Rc8 17. g4 c5 18. Rg1 Rf8
19. f5 Qb6 20. fxe6 dxe6 21. g5 Nd5 22. Qxb6 Nxb6 23. Ke1 $16 {1-0 (40)
Karjakin,S (2762)-Yu,Y (2721) Baku 2015, with a comfortable advantage;
Karjakin went on to win the game.}) 14. Nxf6+ gxf6 15. Kf2 (15. a3 $5 {I
didn't want to move this P to a3, because that would mean real counterplay for
Black on the b-file. Ideally, I would like to always have a2-b3-c4. On the
other hand, I can seize better control of the dark squares this way (like with
a3-b4 sometimes).} Be7 (15... Bc5 $4 16. b4 $18) 16. Kf2 O-O 17. Bd3 $14) 15...
Ke7 16. Bd3 Bb7 17. Qe2 (17. a3 $5 {same thing: now Black can play Bc5, but I
get to play b4 and c5, giving him a target on the queenside, but making the
b7-B really passive for now} Bc5 18. b4 Bxe3+ 19. Kxe3 Qc7 20. c5 a5 21. Qh5 $1
$40) 17... Bc5 18. Rhe1 Qb6 19. Bxc5+ (19. Rad1 {was another idea, but I
didn't want to exchange queens right away} Bxe3+ 20. Qxe3 Qxe3+ 21. Rxe3 $14)
19... Qxc5+ 20. Kf1 h5 21. Rad1 a5 22. Qd2 Rad8 23. b3 {A useful move, now
Black can't play ...a4 because of b4! This is the kind of position I was
looking for, I thought I would always have a potential attack against the
black king, even though it is very solid for now.} Kf7 (23... a4 $2 24. b4 $16)
24. Bc2 {Creating possible Qd3-Qh3 ideas, as happened in the game. I felt that
I could create him some problems.} Ba6 (24... d5 $1 {I thought this would be
very risky for him, but apparently it is playable and not bad at all} 25. Qe2
Bc8 26. Bd3 h4 27. Rc1 $5 Qd4 28. Qf3 f5 {whenever the central pawns get fixed,
Black will have less chances of counterplay. Nevertheless, his position is
still very solid} (28... Bd7 $6 29. Red1 $1 {followed by f5, and Black can't
hold the d5-pawn anymore}) 29. Re3 $5 $40) 25. Qd3 (25. Qd6 $5 {the endgame
was always possible} Qxd6 26. Rxd6 Ke7 27. Red1 $14 {and White retains some
pressure.}) 25... Rh6 (25... Ke7 $5 26. Qh3 Bc8 {a defensive idea that could
happen in the game as well} 27. Qh4 Kf7 28. Bd3 a4 $13 {and it remains unclear
how is White going to attack.}) 26. Qh3 Ke7 $2 {Already a decisive mistake,
White has enough forces to create a winning attack.} (26... Bc8 $1 {was the
only move. Reinforcing the e6-point to avoid any sacrifices. I thought this
wasn't possible, because of 27.Rxe6, but Black has a nice trick} 27. Rxe6 $5 d5
$1 28. Qe3 {the next moves are forced} (28. f5 Bxe6 29. fxe6+ Kf8 $1 (29... Ke7
$4 30. Qg3 $1 $18) 30. Be4 $5 $40) 28... d4 $1 29. Rxd4 Rxd4 (29... Qxd4 $2 30.
Re7+ Kf8 31. Re8+ $1 Rxe8 32. Qxd4 $18) 30. Re4 Rd5 31. cxd5 Qxc2 32. Re7+ Kg6
33. Qg3+ Bg4 34. h3 {winning back the piece} cxd5 35. hxg4 Qd1+ 36. Kf2 hxg4
37. Qe3 Rh1 38. Kg3 $14 {with a very weird endgame, but White's king is safer.}
) 27. Bf5 Bc8 28. Bxe6 $1 (28. Qg3 {would also be good, but Black could still
play on} Qxf5 29. Qg7+ Ke8 30. Qxh6 Kf7 $1 {threatening ...Rg8} 31. Re3 $1 Rg8
32. Rg3 $18) 28... dxe6 29. Qg3 $1 $18 {Now the invasion on g7 forces Black to
lose the exchange.} Rf8 (29... Rdh8 30. Qg7+ Ke8 31. Qc7 $18) (29... Rh7 30.
Rxd8 Kxd8 31. Qg8+ $18) 30. Qg7+ Rf7 31. Qxh6 Qf5 32. Qh8 Bd7 33. Qb8 e5 34.
Kg1 Rg7 35. Rd2 Qxf4 36. Rxd7+ 1-0

[Event "Vandoeuvre op 11th"]
[Site "Vandoeuvre"]
[Date "2014.12.28"]
[Round "5"]
[White "Gharamian, Tigran"]
[Black "Savina, Anastasia"]
[Result "1-0"]
[WhiteElo "2658"]
[BlackElo "2397"]
[Annotator "Primel,D"]
[PlyCount "121"]
[EventDate "2014.12.26"]
[EventType "swiss"]
[EventRounds "9"]
[EventCountry "FRA"]
[SourceTitle "EXT 2017"]
[Source "ChessBase"]
[SourceDate "2016.10.25"]
[SourceVersion "1"]
[SourceVersionDate "2016.10.25"]
[SourceQuality "1"]

1. e4 {01H30} c5 2. Nf3 e6 3. d4 cxd4 4. Nxd4 Nf6 5. Nc3 Nc6 {Un choix
d'ouverture assez discutable face à un fort GMI car la variante Nc6 suivi de
la poussée e5 donne souvent une position agréable à jouer pour les Blancs} (
5... Qb6 6. e5 Bc5 7. Be3 Nd5 8. Nxd5 exd5 9. Be2 Nc6 10. c3 $14) (5... d6 {
L'alternative mais qui permet aux Blancs de jouer l'attaque Kerès.}) 6. Nxc6
$1 {88} (6. Ndb5 Bb4 (6... Bc5 7. Bf4 O-O 8. Bc7 $1 {[%csl Rc8] Les Noirs
souffrent sur cases Noires et il n'est pas facile pour les Noirs d'égaliser
sur cette variante Bc5} Qe7 9. Bd6 Bxd6 10. Qxd6 Qd8 11. Nc7 Rb8 12. Be2 $14) (
6... d6 7. Bf4 e5 8. Bg5 {Transpose sur une B33}) 7. a3 Bxc3+ 8. Nxc3 d5 9.
exd5 exd5 10. Bd3 $14 {Lagno,K (2542)-Savina,A (2368) EU-ch (Women) 14th 2013 
(10) 1/2}) 6... bxc6 7. e5 Nd5 8. Ne4 {[%csl Gd6]} Qc7 9. f4 Qb6 10. c4 Ne3 {87
} (10... Bb4+ 11. Ke2 {Dans la pratique, les Blancs ont d'excellents
résultats sur cette ligne malgré le K décentralisé}) 11. Qd3 Nf5 {84} (
11... Bb4+ 12. Bd2 O-O 13. Rc1 a5 14. Bxb4 Qxb4+ 15. Rc3 $14 {Savchenko,B 
(2578)-Krasenkow,M (2639) Politiken Cup 30th 2008 (5) 1-0}) 12. b3 {58 La
position est toujours théorique mais le français n'a pas joué trés
rapidement l'ouverture} (12. g4 Nd4 13. Bg2 h5 (13... Bb7 14. b4 $14 {Kasparov}
) 14. g5 Bb7 15. Be3 Nc2+ 16. Kf2 Nxe3 17. Qxe3 Qxb2+ 18. Kg3 $44 {Kasparov,G 
(2780)-Illescas Cordoba,M (2555) Linares 10th 1992 (10) 1-0}) (12. Bd2 {
Ivanchuk,V (2746)-Radjabov,T (2756) Bazna Kings 3rd 2009 (4) 1/2}) 12... c5
$146 {72 Une nouveauté logique, les Noirs consolident le contrôle de la case
"d4" tout en ouvrant la diagonale au futur développement Bb7} (12... Bb7 13.
Be2 Rd8 {Huebner,R (2615)-Van der Wiel,J (2590) SWIFT-Chess World Championship
blitz 1987 1/2}) (12... h5 {[%csl Gg4]} 13. Bd2 a5 14. Rb1 $14 {Gruenfeld,Y 
(2535)-Delaune,R (2380) Philadelphia op 1987 1/2}) 13. g4 {Joué à tempo
avant que les Noirs n'aient le temps de consolider la position du N par h5} Nd4
14. Bg2 Bb7 (14... h5 15. h3 (15. g5)) 15. O-O {54} (15. Be3 $5 Qb4+ 16. Kf2 $1
{Les pièces Blanches sont bien coordonnées et le Kf2 ne risque pas
grand-chose}) 15... h5 $1 16. g5 (16. h3 $143 hxg4 17. hxg4 $132 {[%csl Gh8]})
16... Nf5 17. Be3 Rd8 (17... Nxe3 {Peut-être un peu meilleur car le Be3 n'est
pas si mauvais et il menace notamment de soutenir indirectement la poussée b4}
18. Qxe3) (17... a5 $5 {[%csl Gb4][%cal Ga5a4]} 18. Bf2 Be7 (18... a4 19. b4))
18. Rad1 {[%csl Rd7] Comme souvent dans cette variante, les Blancs ont un gros
avantage d'espace.} d6 19. Bf2 $1 {27} dxe5 $6 {La finale semble meilleure
pour les Blancs et les Noirs ont un retard de développement} (19... Be7 20.
Qc3 {[%cal Gc3g7]} d5) 20. Qxd8+ Qxd8 21. Rxd8+ Kxd8 22. Nxc5 (22. fxe5 Bxe4 (
22... Be7)) 22... Bxg2 23. Kxg2 exf4 {Gagne un P mais au risque d'accentuer le
retard de développement.} 24. Rd1+ $32 {[%csl Rf8,Rh8]} Kc8 25. Kf3 Ne3 $1 {
Rend le P pour tenter de simplifier et amoindrir l'initiative des Blancs} 26.
Bxe3 fxe3 27. Ne4 $16 Kc7 28. Kxe3 {La finale est trés difficile pour les
Noirs qui n'ont toujours pas égalisé après 28 coups} Be7 {Enfin!} 29. h4 Kc6
(29... Rd8 $5 {Sans les R, les Noirs auront moins de problèmes}) (29... a5 $5
{[%cal Ga5a4]}) 30. Rg1 $1 {Anticipe Rd8} (30. Rf1 $143 {[%csl Rf7]} f5 (30...
Rf8 {[%csl Rf8]}) 31. gxf6 gxf6 32. Nxf6 (32. Rg1 f5) 32... Rf8) 30... a5 $1
31. Rg3 {[%cal Gg3f3] La manoeuvre de la R transpose sur la variante 30. Rf1
mais la différence est la protection de la R et il n'y a donc plus de clouage}
Rd8 (31... a4) 32. Rf3 Rd7 33. Ng3 f6 34. Nxh5 fxg5 35. hxg5 Bxg5+ 36. Ke4 Bh6
(36... Rd2 $6 37. Nxg7 {[%csl Re6]}) 37. Rf2 Rd1 38. Rg2 $36 {[%csl Gh5]
Malgré la position ouverte, le N à la bande est au moins aussi fort que le B!
} Kc5 $6 {[%cal Gc5a3] Un coup naturel mais le Kc6 controlait les cases c7 et
c6 et sur Rg7, la R était privée de ses deux cases importantes.} (38... a4 $5
39. Nxg7 (39. Rg6 Rd2 40. Rxe6+ Kc5 41. Re5+ (41. Re7 Re2+) 41... Kb4 42. c5 a3
{[%csl Ga3][%cal Gd2a2]} 43. c6 Rxa2 44. c7 Rc2) 39... Bxg7 40. Rxg7 axb3 41.
axb3 Rb1 42. Re7 Rxb3 43. Rxe6+ Kc7 $11 (43... Kc5)) 39. Nxg7 Bxg7 40. Rxg7 a4
41. Ra7 axb3 42. axb3 {Le coup naturel Kc6c5 se révèle maintenant une erreur
car le K ne contrôle plus la case "b7"} Re1+ (42... Kb4 43. Rb7+ Kc5 44. Rb5+
Kc6 45. b4 $18) 43. Kd3 Rh1 44. Ra5+ Kd6 45. Ra6+ Ke5 46. Kc3 $18 {[%cal Gc3b4]
} Rh8 47. Kb4 Rb8+ 48. Ka4 Rb7 49. b4 Kd4 50. Rxe6 (50. Kb3 {Plus simple} Ke5
51. b5 {[%cal Gb3b4]}) 50... Kxc4 51. Rc6+ $1 Kd5 {Le K est coupé et la
finale est sans espoir pour les Noirs} 52. b5 Ra7+ 53. Kb4 Ra2 54. Rh6 (54. Rc1
{[%cal Gc1d1]} Kd6 55. b6 Rb2+ 56. Ka5 Ra2+ 57. Kb5 Rb2+ 58. Ka6) 54... Ra1 55.
b6 Rb1+ 56. Ka5 Ra1+ 57. Kb5 Rb1+ 58. Ka6 Kc5 59. Ka7 Ra1+ 60. Kb8 Ra6 61. Kc7
1-0

[Event "Olympiad-32"]
[Site "Yerevan"]
[Date "1996.09.26"]
[Round "10.4"]
[White "Sutovsky, Emil"]
[Black "Nijboer, Friso"]
[Result "1-0"]
[WhiteElo "2565"]
[BlackElo "2525"]
[Annotator "Psakhis,L"]
[PlyCount "77"]
[EventDate "1996.09.15"]
[EventType "team-swiss"]
[EventRounds "14"]
[EventCountry "ARM"]
[SourceTitle "CBM 055"]
[Source "ChessBase"]
[SourceDate "1996.12.01"]
[SourceVersion "1"]
[SourceVersionDate "1996.12.01"]
[SourceQuality "1"]
[WhiteTeam "Israel"]
[BlackTeam "Netherlands"]
[WhiteTeamCountry "ISR"]
[BlackTeamCountry "NED"]

1. e4 c5 2. Nf3 e6 3. d4 cxd4 4. Nxd4 Nf6 5. Nc3 Nc6 6. Nxc6 bxc6 7. e5 Nd5 8.
Ne4 Qa5+ 9. c3 Ba6 (9... Be7 10. Qg4 Rg8 11. Be2 Ba6 12. O-O O-O-O 13. Bxa6+
Qxa6 14. c4 f5 15. exf6 gxf6 16. Qe2 Nb6 17. b3 f5 $13 {Matulovic,M-Vukic,M/
YUG-tch/1993/0,5/43/}) 10. Be2 $5 (10. Bd3 Be7 $5 11. O-O Bxd3 12. Qxd3 f5 13.
Ng5 Nb6 14. Re1 h6 15. Nf3 Qb5 16. Qc2 c5 $10 {Kovalev,A-Ikonnikov,V/
Schwabisch Gmund/1994/0,5/30/}) 10... f5 (10... Be7 11. O-O Bxe2 12. Qxe2 O-O
13. c4 Nb6 14. Bf4 Qa6 15. b3 Nd5 16. Bg3 f5 17. exf6 Nxf6 18. Rad1 $14 {
Madl,I-Boros,D/HUN-tch/1995/0,5/44/}) 11. exf6 Nxf6 12. Nxf6+ gxf6 13. O-O Bxe2
14. Qxe2 Rg8 {N/} (14... Qe5 15. Qg4 $1 Kf7 16. Be3 h5 17. Qh3 Qe4 18. Rad1 d5
19. Rd4 $1 Qg6 20. Ra4 $16 {Oll,L-Motwani,P/Manila(ol)/1992/0,5/57/}) 15. Bf4
$5 Qf5 (15... Qd5 16. Bg3 h5 17. Rad1) 16. Bg3 h5 (16... e5 $5 17. Rad1 d5 18.
Qa6 Qd7) 17. Rad1 Bc5 (17... Qg6 18. Rd4 $1) 18. b4 Bb6 19. c4 (19. Rfe1 $5)
19... Qg4 (19... Qg5 20. Qf3) 20. Qd3 Qg7 (20... d5 21. c5 h4 (21... Bc7 22.
Qa6 Kd7 23. b5) 22. h3 Qg7 (22... Qxb4 23. Qh7 Rxg3 24. cxb6 Rc3 (24... Rg5 25.
Qb7) 25. Qg8+ Qf8 26. Qxe6+ Qe7 27. Qg8+ Qf8 28. Rfe1+ Kd7 29. Qe6+ Kd8 30.
Rxd5+ cxd5 31. Qxd5+ $18) (22... Qg5 23. cxb6 hxg3 24. f4 $1) 23. cxb6 hxg3 24.
Qc3 $16) 21. Qf3 Qg4 (21... Qg5 22. c5 Bd8 23. Rxd7 Kxd7 24. Rd1+ Ke7 (24...
Qd5 25. Qxh5 $18) 25. Qxc6 $18) 22. Qxf6 Rg6 (22... a5 $5) 23. Qe5 h4 24. Rd3
$5 (24. Qh8+ Rg8 (24... Ke7 25. Bxh4+ Kf7 26. Rxd7#) 25. Qxh4 Qxh4 26. Bxh4 Rg4
27. Bf6 Rxc4 28. a3 $16) 24... Qg5 (24... Rg7 25. c5 Bd8 26. f4 $1 Be7 27. f5
Qg5 28. f6 Bxf6 29. Rxf6 hxg3 30. Rxe6+ dxe6 31. Qxe6+ Re7 (31... Qe7 32. Qxc6+
Kf7 33. Rf3+ Kg8 34. Qxa8+ Kh7 35. h3 $18) 32. Qxc6+ Kf7 33. Rf3+ Kg7 34. Rxg3
$18) (24... hxg3 25. Rxg3 $18) 25. Qxg5 Rxg5 26. Bxh4 Rg4 27. Rg3 $1 Rxh4 (
27... Rxg3 28. Bxg3 $18) 28. Rg8+ Ke7 29. Rxa8 $18 Rxc4 30. a3 d5 (30... Rc3
31. h4 Rxa3 32. h5) 31. g3 e5 32. h4 e4 33. Kg2 Rc2 34. h5 $1 Kf6 (34... e3 35.
h6) 35. h6 Kg6 36. Rg8+ $1 Kh7 37. Rg7+ Kh8 38. Rf7 e3 39. g4 (39. g4 e2 40.
Re1 d4 41. g5 d3 42. g6) 1-0

[Event "Vandoeuvre op 11th"]
[Site "Vandoeuvre"]
[Date "2014.12.29"]
[Round "8"]
[White "Taddei, Benoit"]
[Black "Wirig, Anthony"]
[Result "1/2-1/2"]
[WhiteElo "2340"]
[BlackElo "2483"]
[Annotator "RR"]
[PlyCount "93"]
[EventDate "2014.12.26"]
[EventType "swiss"]
[EventRounds "9"]
[EventCountry "FRA"]
[SourceTitle "EXT 2017"]
[Source "ChessBase"]
[SourceDate "2016.10.25"]
[SourceVersion "1"]
[SourceVersionDate "2016.10.25"]
[SourceQuality "1"]

1. e4 c5 2. Nf3 e6 3. d4 cxd4 4. Nxd4 Nf6 5. Nc3 Nc6 6. Ndb5 (6. Nxc6 bxc6 7.
e5 $14) 6... Bc5 {Une petite surprise car le GMI n'avait pas joué cette ligne
secondaire depuis une dizaine d'années.} 7. Bf4 O-O 8. Bc7 Qe7 9. Bd6 Bxd6 10.
Qxd6 Qd8 (10... Ne8) 11. Nc7 Rb8 12. Be2 b5 (12... b6 13. e5 {Galkin,A (2598)
-Kabanov,N (2508) RUS-ch sf 58th 2005 (2) 1-0}) 13. e5 (13. N7xb5 Qb6 14. Rb1
Ba6 $13 {Fedorov,A (2562)-Kabanov,N (2496) Samara Polugaevsky Memorial 2nd
2012 (3) 1-0}) 13... b4 14. exf6 bxc3 15. fxg7 Kxg7 16. Qg3+ (16. b3 Qf6 17.
Rd1 $14 {[%cal Gd1d3,Gd3g3,Gd3f3];Van Kampen,R (2570)-Wiersma,E (2367)
Hoogeveen Unive op 16th 2012 (5) 1-0}) 16... Kh8 17. Qxc3+ e5 18. Nb5 (18. Nd5
Nd4 19. Bc4 {Berthelot,Y (2341)-Brochet,P (2388) FRA-chT Top 16 GpB 2007 (4.6)
1/2}) 18... a6 $146 (18... Qf6 $142 19. Qc5 Rg8 {Filev,G (2375)-Karakehajov,K 
(2486) BUL-chT 58th 2008 (1) 1-0}) 19. Nd6 Nd4 20. Nf5 Qf6 21. Nxd4 exd4 $44 {
[%cal Gb8b2]} 22. Qf3 $1 Qg5 (22... Qxf3 23. Bxf3 Rxb2 24. Kd2 $16) 23. Qh5
Qxh5 24. Bxh5 Rxb2 25. Kd2 $16 Bb7 26. Rhb1 $5 {Second sacrifice de P des
Blancs en quelques coups} Rxb1 27. Rxb1 Bxg2 28. Rb6 $1 Ra8 29. Rd6 $44 Bh3 30.
Bf3 Ra7 31. a4 {[%cal Ga4a5]} a5 (31... Kg7 $2 32. a5 $1 {[%csl Ra6][%cal
Gf3e2]}) 32. Rxd4 Be6 33. Be2 Kg7 34. Bd3 h6 35. f4 f5 {[%csl Re6]} 36. Rd6 Kf6
37. Ke3 Ra8 38. Ra6 Rxa6 39. Bxa6 d6 40. Kd4 Ke7 41. Bb5 Kd8 42. c4 Kc7 43. c5
Bb3 44. Be8 Be6 45. Bb5 Bb3 46. Be8 Be6 47. Bb5 1/2-1/2

[Event "Moscow Aeroflot op-A1"]
[Site "Moscow"]
[Date "2008.02.15"]
[Round "2"]
[White "Balogh, Csaba"]
[Black "Cherniaev, Alexander"]
[Result "1-0"]
[WhiteElo "2575"]
[BlackElo "2491"]
[Annotator "Reeh,O"]
[PlyCount "53"]
[EventDate "2008.02.14"]
[EventType "swiss"]
[EventRounds "9"]
[EventCountry "RUS"]
[SourceTitle "CBM 123"]
[Source "ChessBase"]
[SourceDate "2008.04.02"]
[SourceVersion "1"]
[SourceVersionDate "2008.04.02"]
[SourceQuality "1"]

1. e4 c5 2. Nf3 e6 3. d4 cxd4 4. Nxd4 Nf6 5. Nc3 Nc6 6. Nb3 Bb4 7. Bd3 d5 8.
O-O Bxc3 9. exd5 Qxd5 10. bxc3 O-O 11. c4 Qh5 12. Qxh5 Nxh5 13. Be3 Nf6 14.
Rfd1 e5 15. h3 Re8 16. a3 h5 17. Rab1 g6 18. Nc5 Rb8 {[%tqu "En","How would
you continue with White?","Both black knights are unstable!","White's rook on
d1 needs scope.","d3g6","Destroying Black's pawn structure and granting the
rook access to d6.",10,"De","Wie würden Sie mit Weiß fortsetzen?","Beide
schwarze Springer stehen unsicher!","Der weiße Turm d1 braucht eine
Einsatzmöglichkeit.","d3g6","Zerschlägt die schwarze Bauernstruktur und
eröffnet dem Turm Zugang nach d6.",10]} 19. Bxg6 $1 {Destroying Black's pawn
structure and granting the rook access to d6. Zerschlägt die schwarze
Bauernstruktur und eröffnet dem Turm Zugang nach d6.} fxg6 20. Rd6 $1 {with a
double attack on both knights! mit Doppelangriff auf beide Springer!} Na5 21.
Rxf6 Bf5 (21... Kg7 {[%tqu "En","White's rook is attacked - what are you going
do?","White has an amazing move which keeps the initiative.","","f6a6","Nice! 
White exploits the fact that the pawn on b7 is pinned and keeps the iniative
firmly in his hands.",10,"De","Der weiße Turm ist angegriffen - was schlagen
Sie vor?","Weiß hat einen überraschenden Zug, mit dem er die Initiative
bewahrt.","","f6a6","Schön!  Weiß nutzt die Fesselung des Bauern auf b7 aus
und behält das Heft fest in der Hand.",10]} 22. Ra6 $1 {(22.Bg5 Bf5 is less
good) with a clear plus, e.g. (22.Bg5 Bf5 ist weniger gut) mit klarem Plus, z.
B.} bxa6 23. Rxb8 Nxc4 24. Ra8) 22. Rxf5 $5 {It's amazing how White continues
to find tactical ideas in this simple position. Es ist verblüffend, wie Weiß
in dieser einfachen Stellung immer wieder taktische Ideen aufspürt.} gxf5 23.
Nd7 {The double threat 24.Nxb8 and Nf6+ wins back the exchange. Die
Doppeldrohung 24.Nxb8 und Nf6+ gewinnt die Qualität zurück.} Ra8 $2 ({With Mit
} 23... b6 24. Nxb8 Rxb8 25. c5 Nc4 {Black could have kept the opponent's
advantage within limits. hätte Schwarz den gegnerischen Vorteil in Grenzen
halten können.}) 24. Nf6+ Kf7 25. Nxe8 Kxe8 26. Rb5 {Now White's rook
penetrates on b7 with great effect. Nun dringt der weiße Turm mit großer
Wirkung auf b7 ein.} Nxc4 27. Rxb7 ({Black's resignation looks somewhat
surprising, but after Die Aufgabe von Schwarz wirkt etwas überraschend, doch
nach} 27. Rxb7 Nxa3 (27... a5 28. Bg5 Nxa3 29. Re7+ Kf8 30. Rxe5) 28. Rh7 $1 {
with the threat 29.Rh8+ his kingside falls apart. mit der Drohung 29.Rh8+
fällt sein Königsflügel auseinander.}) 1-0

[Event "Serbian-ch 29th"]
[Site "Sabac"]
[Date "1998.04.28"]
[Round "9"]
[White "Popchev, Milko"]
[Black "Matulovic, Milan"]
[Result "1/2-1/2"]
[WhiteElo "2455"]
[BlackElo "2420"]
[Annotator "Rogozenco,D"]
[PlyCount "28"]
[EventDate "1998.04.20"]
[EventType "tourn"]
[EventRounds "13"]
[EventCountry "YUG"]
[EventCategory "9"]
[SourceTitle "CBM 065"]
[Source "ChessBase"]
[SourceDate "1998.08.06"]
[SourceVersion "1"]
[SourceVersionDate "1998.08.06"]
[SourceQuality "1"]

1. e4 c5 2. Nf3 Nc6 3. d4 cxd4 4. Nxd4 Nf6 5. Nc3 e6 6. Bf4 {A rare move,
which amazingly enough, leads often to complete equal positions.} (6. Ndb5) (6.
Nxc6) 6... d6 7. Nxc6 (7. Bg3 Be7 8. Nxc6 bxc6 9. e5 {The White´s main idea in
this line (6.Bf4) is to take on c6 and then to push e5. However, Black´s
structure is very solid and usually Black faces no problem.} Nd5 10. exd6 {
This is possible due to White´s 7th move - the Bishop is not hanging on f4.}
Bxd6 11. Qd4 O-O 12. Bxd6 Qxd6 13. Bd3 e5 14. Ne4 Qg6 15. Qa4 f5 16. Nc5 Qxg2
17. O-O-O Qxf2 $13 {Sax-Nunn/Vejle/1994}) 7... bxc6 8. e5 Nd5 9. Nxd5 cxd5 10.
Bb5+ (10. Bd3 Be7 (10... Ba6 $11) 11. Qg4 g6 $11 (11... dxe5 12. Qxg7 Bf6 13.
Bb5+ Ke7 14. Bg5 Bxg5 15. Qxg5+ Kd6 {Rasik-Gdanski/Budapest/1993})) 10... Bd7
11. Bxd7+ Qxd7 12. exd6 Bxd6 13. Bxd6 Qxd6 14. O-O O-O 1/2-1/2